Borussia Dortmund Biggest Transfers - Statistics

General Stats
  • This quiz has been taken 146 times
  • The average score is 114 of 215
Answer Stats
% Correct
Incomings France RW Ousmane Dembele 16/17 Rennes
99%
Outgoings France RW Ousmane Dembele 17/18 Barcelona
99%
Incomings Germany CB Mats Hummels 19/20 Bayern Munich
98%
Incomings Germany CB Mats Hummels 09/10 Bayern Munich
98%
Outgoings Germany CB Mats Hummels 16/17 Bayern Munich
98%
Incomings England AM Jude Bellingham 20/21 Birmingham City
97%
Outgoings England AM Jude Bellingham 23/24 Real Madrid
97%
Incomings England LW Jadon Sancho 17/18 Manchester City
94%
Outgoings England LW Jadon Sancho 21/22 Manchester United
94%
Incomings Gabon ST Pierre-Emerick Aubameyang 13/14 Saint-Etienne
94%
Outgoings Gabon ST Pierre-Emerick Aubameyang 17/18 Arsenal
94%
Incomings Norway ST Erling Haaland 19/20 RB Salzburg
93%
Outgoings Norway ST Erling Haaland 22/23 Manchester City
93%
Incomings Germany AM Mario Gotze 16/17 Bayern Munich
91%
Outgoings Germany AM Mario Gotze 13/14 Bayern Munich
91%
Incomings Ivory Coast ST Sebastien Haller 22/23 Ajax
91%
Incomings Netherlands RW Donyell Malen 21/22 PSV
89%
Incomings Japan AM Shinji Kagawa 14/15 Manchester United
89%
Outgoings Japan AM Shinji Kagawa 12/13 Manchester United
89%
Outgoings Japan AM Shinji Kagawa 19/20 Real Zaragoza
89%
Outgoings United States RW Christian Pulisic 18/19 Chelsea
88%
Incomings Germany AM Marco Reus 12/13 Borussia Monchengladbach
88%
Incomings Belgium LW Thorgan Hazard 19/20 Borussia Monchengladbach
88%
Outgoings Belgium LW Thorgan Hazard 23/24 Anderlecht
88%
Incomings Switzerland CB Manuel Akanji 17/18 Basel
87%
Outgoings Switzerland CB Manuel Akanji 22/23 Manchester City
87%
Incomings Austria CM Marcel Sabitzer 23/24 Bayern Munich
87%
Incomings Germany DM Emre Can 20/21 Juventus
86%
Incomings Germany DM Emre Can 19/20 Juventus
86%
Incomings Switzerland GK Gregor Kobel 21/22 Stuttgart
86%
Incomings Germany AM Julian Brandt 19/20 Bayer Leverkusen
85%
Incomings Germany CM Ilkay Gundogan 11/12 Nuremberg
84%
Outgoings Germany CM Ilkay Gundogan 16/17 Manchester City
84%
Incomings Germany LW Karim Adeyemi 22/23 RB Salzburg
84%
Incomings Italy ST Ciro Immobile 14/15 Torino
83%
Outgoings Italy ST Ciro Immobile 15/16 Sevilla
83%
Outgoings Italy ST Ciro Immobile 15/16 Sevilla
83%
Incomings Sweden ST Alexander Isak 16/17 AIK
82%
Outgoings Sweden ST Alexander Isak 19/20 Real Sociedad
82%
Incomings Armenia CM Henrikh Mkhitaryan 13/14 Shakhtar Donetsk
82%
Outgoings Armenia CM Henrikh Mkhitaryan 16/17 Manchester United
82%
Incomings Spain ST Paco Alcacer 19/20 Barcelona
82%
Incomings Spain ST Paco Alcacer 18/19 Barcelona
82%
Outgoings Spain ST Paco Alcacer 19/20 Villarreal
82%
Incomings Greece CB Sokratis Papastathopoulos 13/14 Werder Bremen
82%
Outgoings Greece CB Sokratis Papastathopoulos 18/19 Arsenal
82%
Incomings Portugal LB Raphael Guerreiro 16/17 Lorient
81%
Incomings Germany CB Nico Schlotterbeck 22/23 Freiburg
80%
Incomings Denmark CM Thomas Delaney 18/19 Werder Bremen
80%
Outgoings Denmark CM Thomas Delaney 21/22 Sevilla
80%
Incomings Germany ST Niclas Fullkrug 23/24 Werder Bremen
79%
Incomings Ukraine RW Andriy Yarmolenko 17/18 Dynamo Kyiv
78%
Outgoings Ukraine RW Andriy Yarmolenko 18/19 West Ham United
78%
Incomings Belgium CB Axel Witsel 18/19 Tianjin Tianhai
78%
Incomings Germany DM Julian Weigl 15/16 1860 Munich
78%
Outgoings Germany DM Julian Weigl 19/20 Benfica
78%
Incomings Poland ST Robert Lewandowski 10/11 Lech Poznan
78%
Incomings Senegal CB Abdou Diallo 18/19 Mainz
76%
Outgoings Senegal CB Abdou Diallo 19/20 Paris Saint-Germain
76%
Incomings Germany CB Matthias Ginter 14/15 Freiburg
76%
Outgoings Germany CB Matthias Ginter 17/18 Borussia Monchengladbach
76%
Incomings Spain CB Marc Bartra 16/17 Barcelona
75%
Outgoings Spain CB Marc Bartra 17/18 Real Betis
75%
Incomings Turkey DM Nuri Sahin 14/15 Real Madrid
75%
Incomings Turkey DM Nuri Sahin 12/13 Real Madrid
75%
Outgoings Turkey DM Nuri Sahin 11/12 Real Madrid
75%
Outgoings Turkey DM Nuri Sahin 18/19 Werder Bremen
75%
Incomings Switzerland GK Roman Burki 15/16 Freiburg
75%
Incomings Czech Republic AM Tomas Rosicky 00/01 Sparta Prague
75%
Outgoings Czech Republic AM Tomas Rosicky 06/07 Arsenal
75%
Incomings Germany CM Felix Nmecha 23/24 Wolfsburg
74%
Incomings Turkey CB Omer Toprak 17/18 Bayer Leverkusen
74%
Outgoings Turkey CB Omer Toprak 20/21 Werder Bremen
74%
Outgoings Turkey CB Omer Toprak 19/20 Werder Bremen
74%
Incomings Germany LW Andre Schurrle 16/17 Wolfsburg
73%
Outgoings Germany LW Andre Schurrle 19/20 Spartak Moscow
73%
Incomings Slovenia CM Kevin Kampl 14/15 RB Salzburg
72%
Outgoings Slovenia CM Kevin Kampl 15/16 Bayer Leverkusen
72%
Incomings Turkey RW Emre Mor 16/17 Nordsjaelland
70%
Outgoings Turkey RW Emre Mor 17/18 Celta Vigo
70%
Incomings Germany CB Michael Schulz 89/90 Kaiserslautern
70%
Incomings Germany LB Nico Schulz 19/20 Hoffenheim
70%
Incomings Croatia LM Ivan Perisic 11/12 Club Brugge
65%
Outgoings Croatia LM Ivan Perisic 12/13 Wolfsburg
65%
Incomings Czech Republic ST Jan Koller 01/02 Anderlecht
63%
Incomings Serbia CB Neven Subotic 08/09 Mainz
63%
Incomings France ST Anthony Modeste 22/23 Koln
62%
Incomings Norway RB Julian Ryerson 22/23 Union Berlin
62%
Incomings Germany CM Sebastian Rode 16/17 Bayern Munich
62%
Outgoings Germany CM Sebastian Rode 19/20 Eintracht Frankfurt
62%
Incomings Colombia ST Adrian Ramos 14/15 Hertha Berlin
61%
Outgoings Colombia ST Adrian Ramos 17/18 Chongqing Lifan
61%
Incomings Paraguay ST Lucas Barrios 09/10 Colo-Colo
61%
Outgoings Paraguay ST Lucas Barrios 12/13 Guangzhou Evergrande
61%
Incomings Germany SS Maximilian Philipp 17/18 Freiburg
60%
Outgoings Germany SS Maximilian Philipp 19/20 Dynamo Moscow
60%
Incomings Poland RW Jakub Blaszczykowski 07/08 Wisla Krakow
59%
Outgoings Poland RW Jakub Blaszczykowski 16/17 Wolfsburg
59%
Outgoings Poland RW Jakub Blaszczykowski 15/16 Fiorentina
59%
Incomings Argentina CB Leonardo Balerdi 18/19 Boca Juniors
59%
Outgoings Argentina CB Leonardo Balerdi 21/22 Marseille
59%
Outgoings Argentina CB Leonardo Balerdi 20/21 Marseille
59%
Incomings Turkey DM Salih Ozcan 22/23 Koln
58%
Incomings Germany DM Sven Bender 09/10 1860 Munich
58%
Outgoings Germany DM Sven Bender 17/18 Bayer Leverkusen
58%
Incomings Germany GK Jens Lehmann 98/99 Milan
56%
Outgoings Germany GK Jens Lehmann 03/04 Arsenal
56%
Incomings Brazil LB Dede 98/99 Atletico Mineiro
55%
Incomings Germany CM Mahmoud Dahoud 17/18 Borussia Monchengladbach
55%
Incomings Germany CM Gonzalo Castro 15/16 Bayer Leverkusen
51%
Outgoings Germany CM Gonzalo Castro 18/19 Stuttgart
51%
Outgoings Denmark LW Jacob Bruun Larsen 19/20 Hoffenheim
51%
Incomings Germany RB Marius Wolf 18/19 Eintracht Frankfurt
51%
Outgoings Germany RB Marius Wolf 19/20 Hertha Berlin
51%
Incomings Belgium RW Julien Duranville 22/23 Anderlecht
50%
Incomings Belgium ST Michy Batshuayi 17/18 Chelsea
50%
Incomings Spain CM Mikel Merino 16/17 Osasuna
50%
Outgoings Spain CM Mikel Merino 18/19 Newcastle United
50%
Outgoings Spain CM Mikel Merino 17/18 Newcastle United
50%
Outgoings Germany RM Ansgar Knauff 23/24 Eintracht Frankfurt
49%
Incomings Brazil CB Felipe Santana 08/09 Figueirense
49%
Outgoings Brazil CB Felipe Santana 13/14 Schalke
49%
Incomings Brazil ST Marcio Amoroso 01/02 Parma
49%
Incomings Egypt SS Mohamed Zidan 08/09 Hamburg
48%
Incomings Spain LB Sergio Gomez 17/18 Barcelona
46%
Outgoings Spain LB Sergio Gomez 21/22 Anderlecht
46%
Incomings Switzerland ST Alex Frei 06/07 Rennes
45%
Outgoings Switzerland ST Alex Frei 09/10 Basel
45%
Incomings Germany RB Jeremy Toljan 17/18 Hoffenheim
45%
Outgoings Germany RB Jeremy Toljan 21/22 Sassuolo
45%
Outgoings Germany RB Jeremy Toljan 19/20 Sassuolo
45%
Outgoings Germany RW Jonas Hofmann 15/16 Borussia Monchengladbach
45%
Incomings Germany DM Sebastian Kehl 01/02 Freiburg
45%
Incomings Germany DM Torsten Frings 02/03 Werder Bremen
45%
Outgoings Germany DM Torsten Frings 04/05 Bayern Munich
45%
Incomings South Korea LB Park Joo-ho 15/16 Mainz
43%
Incomings Germany SW Matthias Sammer 92/93 Inter Milan
41%
Incomings Germany CB Jurgen Kohler 95/96 Juventus
40%
Outgoings Australia GK Mitchell Langerak 15/16 Stuttgart
38%
Incomings Paraguay ST Nelson Valdez 06/07 Werder Bremen
37%
Outgoings Paraguay ST Nelson Valdez 10/11 Hercules
37%
Incomings Serbia CM Milos Jojic 13/14 Partizan Belgrade
36%
Outgoings Serbia CM Milos Jojic 15/16 Koln
36%
Incomings Germany ST Julian Schieber 12/13 Stuttgart
35%
Outgoings Germany ST Julian Schieber 14/15 Hertha Berlin
35%
Outgoings Germany RB Kevin Großkreutz 15/16 Galatasaray
34%
Incomings Croatia ST Mladen Petric 07/08 Basel
34%
Outgoings Croatia ST Mladen Petric 08/09 Hamburg
34%
Outgoings Germany ST Steffen Tigges 22/23 Koln
32%
Outgoings South Africa LM Steven Pienaar 08/09 Everton
31%
Incomings Germany CB Christian Worns 99/00 Paris Saint-Germain
30%
Incomings Brazil ST Ewerthon 01/02 Corinthians
30%
Outgoings Brazil ST Ewerthon 05/06 Real Zaragoza
30%
Incomings Germany AM Andreas Moller 94/95 Juventus
29%
Incomings Germany AM Andreas Moller 87/88 Eintracht Frankfurt
29%
Outgoings Poland ST Ebi Smolarek 07/08 Racing Santander
28%
Outgoings South Korea ST Ji Dong-won 14/15 Augsburg
28%
Outgoings Germany GK Stefan Klos 98/99 Rangers
28%
Incomings Germany RB Patrick Owomoyela 08/09 Werder Bremen
27%
Incomings Argentina ST Diego Klimowicz 07/08 Wolfsburg
26%
Incomings Brazil RB Evanilson 03/04 Parma
26%
Incomings Brazil RB Evanilson 99/00 Cruzeiro
26%
Incomings Brazil RB Evanilson 01/02 Parma
26%
Outgoings Brazil RB Evanilson 01/02 Parma
26%
Incomings Germany ST Karl-Heinz Riedle 93/94 Lazio
26%
Outgoings Germany ST Karl-Heinz Riedle 97/98 Liverpool
26%
Incomings Portugal CM Paulo Sousa 96/97 Juventus
26%
Outgoings Portugal CM Paulo Sousa 97/98 Inter Milan
26%
Incomings Hungary AM Tamas Hajnal 08/09 Karlsruher
26%
Outgoings Hungary AM Tamas Hajnal 11/12 Stuttgart
26%
Outgoings Germany RW David Odonkor 06/07 Real Betis
25%
Outgoings Czech Republic AM Patrik Berger 96/97 Liverpool
25%
Incomings Switzerland ST Stephane Chapuisat 91/92 Bayer Uerdingen
25%
Incomings Germany AM Leonardo Bittencourt 12/13 Energie Cottbus
23%
Outgoings Germany AM Leonardo Bittencourt 13/14 Hannover
23%
Outgoings Germany CM Moritz Leitner 16/17 Lazio
22%
Incomings Brazil CM Tinga 06/07 Internacional
22%
Outgoings Germany CB Koray Gunter 13/14 Galatasaray
21%
Outgoings Scotland DM Paul Lambert 97/98 Celtic
21%
Incomings Germany ST Heiko Herrlich 95/96 Borussia Monchengladbach
20%
Incomings Germany LB Jorg Heinrich 00/01 Fiorentina
20%
Incomings Germany LB Jorg Heinrich 95/96 Freiburg
20%
Outgoings Germany LB Jorg Heinrich 98/99 Fiorentina
20%
Incomings Germany RM Stefan Reuter 92/93 Juventus
20%
Incomings Bulgaria SS Dimitar Rangelov 09/10 Energie Cottbus
18%
Incomings Germany ST Fredi Bobic 99/00 Stuttgart
18%
Outgoings Germany CB Thomas Helmer 92/93 Bayern Munich
18%
Incomings Nigeria ST Victor Ikpeba 99/00 Monaco
18%
Outgoings Nigeria ST Victor Ikpeba 02/03 Al-Ittihad (Tripoli)
18%
Incomings Bosnia SS Sergej Barbarez 98/99 Hansa Rostock
17%
Outgoings Bosnia SS Sergej Barbarez 00/01 Hamburg
17%
Incomings Germany DM Steffen Freund 93/94 Schalke
17%
Outgoings Germany DM Steffen Freund 98/99 Tottenham Hotspur
17%
Incomings Nigeria DM Sunday Oliseh 00/01 Juventus
16%
Incomings Brazil CB Julio Cesar 94/95 Juventus
15%
Incomings Serbia RB Antonio Rukavina 07/08 Partizan Belgrade
12%
Outgoings Serbia RB Antonio Rukavina 09/10 1860 Munich
12%
Incomings Denmark ST Flemming Povlsen 90/91 PSV
12%
Outgoings Germany DM Christian Nerlinger 01/02 Rangers
11%
Incomings Denmark LB Niclas Jensen 03/04 Manchester City
11%
Incomings Germany RW Giuseppe Reina 99/00 Arminia Bielefeld
10%
Incomings Germany CB Rene Schneider 96/97 Hansa Rostock
10%
Incomings Uruguay ST Ruben Sosa 95/96 Inter Milan
10%
Incomings Togo ST Bachirou Salou 98/99 Duisburg
9%
Outgoings Togo ST Bachirou Salou 99/00 Eintracht Frankfurt
9%
Incomings Argentina RB Juan Fernandez 02/03 Estudiantes
9%
Outgoings Australia SW Ned Zelic 95/96 Queens Park Rangers
9%
Outgoings Germany ST Daniel Ginczek 13/14 Nuremberg
8%
Outgoings Germany AM Michael Rummenigge 93/94 Urawa Red Diamonds
8%
Outgoings Germany RB Pascal Stenzel 17/18 Freiburg
7%
Incomings Netherlands ST Harry Decheiver 97/98 Utrecht
5%
Outgoings Germany DM Gerhard Poschner 94/95 Stuttgart
4%
Incomings Germany CB Karsten Baumann 98/99 Koln
4%
Outgoings Germany CB Lasse Sobiech 13/14 Hamburg
4%
Outgoings Germany CB Peter Quallo 92/93 Fortuna Dusseldorf
2%
No matching quizzes found
Score Distribution
Percent of People with Each Score
Percentile by Number Answered
Your Score History
You have not taken this quiz